| 000 | 00521cam a2200193 a 4500 | ||
|---|---|---|---|
| 020 | _a0669396176 | ||
| 040 | _cDLC | ||
| 082 | 0 | 0 | _a512 D.C.H 1996 A059 Or. |
| 100 | 1 | _aLarson, Ron, | |
| 245 | 1 | 0 |
_aCollege algebra : _bconcepts and models / |
| 250 | _a2nd ed. | ||
| 260 |
_aLexington, Mass. : _bD.C. Heath, _cc1996. |
||
| 300 |
_axxix, 634, 144 p. : _bill. (some col.) ; _c24 cm. |
||
| 500 | _aIncludes indexes. | ||
| 650 | 0 | _aAlgebra. | |
| 700 | 1 | _aHostetler, Robert P. | |
| 700 | 1 | _aHodgkins, Anne V. | |
| 942 | _cEK | ||
| 999 |
_c14759 _d14759 |
||